Loading...
| History - American History | 0 | 3 | 0 | 2 | 30 | 81 | 90.00 | 0 | 0 |
| Religion | 0 | 3 | 0 | 1 | 30 | 57 | 89.00 | 0 | 0 |
| Geography | 0 | 1 | 0 | 1 | 10 | 114 | 114.00 | 0 | 0 |
| Literature - British Literature | 0 | 1 | 0 | 0 | 10 | 123 | 123.00 | 0 | 0 |
| Pop Culture | 0 | 1 | 0 | 0 | 10 | 33 | 33.00 | 0 | 1 |
| History - Other History | 0 | 1 | 0 | 1 | 10 | 104 | 104.00 | 0 | 0 |
| History - World History | 0 | 1 | 0 | 1 | 10 | 111 | 111.00 | 0 | 0 |
| Current Events | 0 | 1 | 1 | 0 | 5 | 36 | 36.00 | 0 | 1 |
| Literature - American Literature | 0 | 0 | 0 | 0 | 0 | 0.00 | 0 | 0 | |
| Philosophy | 0 | 0 | 0 | 0 | 0 | 0.00 | 0 | 0 | |
| Science - Other Science | 0 | 0 | 0 | 0 | 0 | 0.00 | 0 | 0 | |
| History - European History | 0 | 0 | 1 | 0 | -5 | 0.00 | 0 | 0 | |
| Fine Arts - Other Fine Arts | 0 | 0 | 1 | 0 | -5 | 0.00 | 0 | 0 |